000 01164nam a2200301 a 4500
001 ebr10476294
003 CaPaEBR
006 m u
007 cr cn|||||||||
008 110621s2011 enk sb 000 0beng d
020 _z9781841503981
020 _z9781841505237 (e-book)
040 _aCaPaEBR
_cCaPaEBR
035 _a(OCoLC)741558956
050 1 4 _aPR6052.A6485
_bH69 2011eb
245 0 0 _aHoward Barker interviews, 1980-2010
_h[electronic resource] :
_bconversations in catastrophe /
_cedited by Mark Brown.
260 _aBristol [England] ;
_aChicago :
_bIntellect,
_c2011.
300 _a214 p.
504 _aIncludes bibliographical references.
533 _aElectronic reproduction.
_bPalo Alto, Calif. :
_cebrary,
_d2011.
_nAvailable via World Wide Web.
_nAccess may be limited to ebrary affiliated libraries.
600 1 0 _aBarker, Howard
_vInterviews.
650 0 _aTheater.
655 7 _aElectronic books.
_2local
700 1 _aBarker, Howard.
700 1 _aBrown, Mark.
710 2 _aebrary, Inc.
856 4 0 _uhttp://site.ebrary.com/lib/rucke/Doc?id=10476294
_zAn electronic book accessible through the World Wide Web; click to view
999 _c115825
_d115825